000 00946nam0a22002651 4500
001 rc\4226339
005 20130416110409.0
021 _aRU
_b[68-107184]
035 _a(NLR Aleph) 008223899
090 _a8173600
_c8173600
100 _a20130416d1968 |||y0rusy50 ca
101 0 _arus
102 _aRU
105 _aa z |||a|
200 1 _aСекретная просьба
_eРассказы о Владимире Ильиче Ленине
_e[Для ст. дошкольного и мл. школьного возраста]
_fИл.: В. Гальдяев
210 _a[Москва]
_cМалыш
_d1968
215 _a112 с.
_cил.
_d21
700 1 _aАлексеев
_bС. П.
_f1922-
_gСергей Петрович
702 1 _aЛенин
_bВ. И.
_gВладимир Ильич
_4570
702 1 _aГальдяев
_bВ.
_4440
801 0 _aRU
_bNLR
_gpsbo
801 1 _aRU
_bELAR
_2rusmarc
852 _aNLR
_j69-3/408
942 _cBOOK
980 _aNB